| 000 | 004350000a22001690004500 | ||
|---|---|---|---|
| 003 | MACL | ||
| 005 | 20160123134144.0 | ||
| 008 | 160123b xxu||||| |||| 00| 0 eng d | ||
| 040 |
_aMACL _cMACL |
||
| 041 | _aEnglish | ||
| 082 | _a551/SUB | ||
| 100 |
_aSubramaniam, V _925740 |
||
| 245 | _aA Text book in Envirionmental Science | ||
| 260 |
_bNarosa publishing _aNew Delhi |
||
| 650 |
_aEarth Science _95772 |
||
| 942 |
_cBK _k551/Sub _2ddc |
||
| 999 |
_c33103 _d33103 |
||